Statistics for Estado Mexicano por Ciudades -- Mexican State by Cities

Click here to take the quiz!

General Stats

  • This quiz has been taken 33 times
  • The average score is 19 of 31

Answer Stats

Ciudades -- CitiesEstado Mexicano -- Mexican State% Correct
Tijuana, Ensenada, RosaritoBaja California
88%
Ciudad Juárez, Cuauhtémoc, Ciudad DeliciasChihuahua
88%
Cancún, Cozumel, Felipe Carrillo PuertoQuintana Roo
85%
Guadalajara, Arandas, Tlajomulco de ZúñigaJalisco
81%
Monterrey, Ciudad Sabinas Hidalgo, Ciudad AnáhuacNuevo León
81%
San Cristóbal de las Casas, Comitán de Domínguez, TapachulaChiapas
77%
Los Mochis, Mazatlán, NavolatoSinaloa
77%
Acapulco, Chilapa de Alvarez, Iguala de la IndependenciaGuerrero
73%
Tampico, San Andrés Tuxtla, CoatzalcoalcosVeracruz
73%
Guaymas, Ciudad Obregón, NavojoaSonora
69%
Reynosa, Ciudad Río Bravo, Soto la MarinaTamaulipas
69%
Naucalpán de Juárez, San Miguel Zinacantepec, Tejupilco de HidalgoMéxico
65%
Monclava, Torreón, Piedras NegrasCoahuila
58%
Manzanillo, Tecomán, La QueseríaColima
58%
Huejutla de Reyes, Ixmiquilpan, Tula de AllendeHidalgo
58%
Apizaco, Tlaxco de Morelos, HuamantlaTlaxcala
58%
Celaya, Valle de Santiago, SilaoGuanajuato
54%
Apatzingán de la Constitución, Zamora, UruapanMichoacán
54%
Jiutepec, Cuatla, AxochiapanMorelos
54%
Santiago Ixcuintla, El Nayar, TecualaNayarit
54%
Valladolid, Ticul, Tekax de Álvaro ObregónYucatán
54%
Ciudad del Carmen, Champotón, EscárcegaCampeche
50%
San Juan del Río, Jalpan de Serra, El PueblitoQuerétaro
50%
Fresnillo de González Echeverría, Río Grande, Concepción del OroZacatecas
50%
San Lucas, Santa Rosalía, MulegéBaja California Sur
46%
Acatlán de Osorio, Izúcar de Matamoros, ZacatlánPuebla
46%
Ciudad Valles, Santa María del Río, Ciudad del MaízSan Luis Potosí
46%
San Juan Bautista Tuxtepec, Salina Cruz, Santa María Asunción TlaxiacoOaxaca
42%
Cárdenas, Comalcalco, MacuspanaTabasco
42%
Jesús María, Rincón de Romos, Pabellón de ArteagaAguascalientes
38%
Santa María del Oro, Ciudad Lerdo, MezquitalDurango
38%

Score Distribution

Percentile by Number Answered

Percent of People with Each Score

Your Score History

You have not taken this quiz